Behavioural Ecology: (Record no. 4011)

MARC details
000 -LEADER
fixed length control field 00566nam a22002057a 4500
003 - CONTROL NUMBER IDENTIFIER
control field OSt
005 - DATE AND TIME OF LATEST TRANSACTION
control field 20160513141030.0
008 - FIXED-LENGTH DATA ELEMENTS--GENERAL INFORMATION
fixed length control field 160513b xxu||||| |||| 00| 0 eng d
020 ## - INTERNATIONAL STANDARD BOOK NUMBER
International Standard Book Number 0865427313
040 ## - CATALOGING SOURCE
Transcribing agency DDC.
082 ## - DEWEY DECIMAL CLASSIFICATION NUMBER
Classification number 591.51BEH 1997
100 ## - MAIN ENTRY--PERSONAL NAME
Personal name Edited by .Krebs,J.R;Davies,N.B;
9 (RLIN) 8754
245 ## - TITLE STATEMENT
Title Behavioural Ecology:
Remainder of title An Evolutionary Approach.
250 ## - EDITION STATEMENT
Edition statement 4th ed
260 ## - PUBLICATION, DISTRIBUTION, ETC. (IMPRINT)
Place of publication, distribution, etc. USA.
Name of publisher, distributor, etc. Blackwell Sciences.
Date of publication, distribution, etc. 1997.
300 ## - PHYSICAL DESCRIPTION
Extent viii,456p;
Other physical details ill;
Dimensions 26cm.
504 ## - BIBLIOGRAPHY, ETC. NOTE
Bibliography, etc includes references and index.
650 ## - SUBJECT ADDED ENTRY--TOPICAL TERM
Topical term or geographic name as entry element Biology.
9 (RLIN) 5602
942 ## - ADDED ENTRY ELEMENTS (KOHA)
Source of classification or shelving scheme Dewey Decimal Classification
Koha item type Short Loan
Holdings
Withdrawn status Lost status Source of classification or shelving scheme Damaged status Not for loan Home library Current library Date acquired Source of acquisition Inventory number Total Checkouts Full call number Barcode Date last seen Price effective from Koha item type
    Dewey Decimal Classification     MUST Main Library MUST Main Library 13/05/2016   03/19520   591.51BEH 1997 2016-1849 13/05/2016 13/05/2016 Short Loan
    Dewey Decimal Classification     MUST Main Library MUST Main Library 13/05/2016   03/19521   591.51BEH 1997 2016-1850 13/05/2016 13/05/2016 Short Loan
    Dewey Decimal Classification     MUST Main Library MUST Main Library 13/05/2016   03/19522   591.51BEH 1997 2016-1851 13/05/2016 13/05/2016 Short Loan